[Event "1st ch-Iberoamericano KO"]
[Site "Ayamonte ESP"]
[Date "2006.11.18"]
[Round "2.2"]
[White "Bruzon Bautista, Lazaro"]
[Black "Perez Candelario, Manuel"]
[Result "1-0"]
[WhiteElo "2648"]
[BlackElo "2496"]
[Annotator "De la Riva, O"]
[PlyCount "89"]
[EventDate "2006.11.15"]
[EventType "k.o."]
[EventRounds "2"]
[EventCountry "ESP"]
[Source "EDAMI"]
[SourceDate "2006.12.20"]

1. e4 e5 2. Nf3 Nc6 3. Bb5 a6 4. Bxc6 dxc6 5. O-O f6 6. d4 Bg4 {
Una compleja línea en lugar de la sólida exd4.} 7. c3 (7. dxe5 {
es la otra posibilidad.}) 7... Bd6 8. Be3 Ne7 9. Nbd2 O-O 10. h3 (10. Qb3+ Kh8
11. h3 (11. Qxb7 Be6 $1 {(/\ Qd7)} 12. c4 Rb8 13. Qxa6 Ra8 14. Qb7 Rb8 $11)
11... Bh5 12. dxe5 fxe5 $13 {Volokitin,A-Beliavsky,A Igualada 2005}) 10... Bc8
$5 {Según mi base de datos una novedad y muy interesante si lo comparamos con
las otras partidas donde el alfil se retiró a h5. Como curiosidad citar que
Bruzón tuvo esta posición con negras frente Nisipeanu y prefiró esa casilla
para el alfil.} (10... Bh5 11. Nc4 $5 h6 (11... exd4 12. cxd4 (12. Bxd4 Bf7 13.
Nxd6 cxd6 {/\ Ng6=}) 12... f5 $5 $13) (11... Bf7 $2 12. Ncxe5 fxe5 13. dxe5 Nc8
14. exd6 Nxd6 15. Nd2 $16 {Wang Hao-Warakomski,T Yerevan 2006}) (11... b5 12.
Ncd2 Kh8 13. Qc2 Qd7 14. c4 exd4 15. Nxd4 Ng6 16. cxb5 cxb5 17. Nf5 $14 {
Meier,G-Holzke,F Wattenscheid GER 2006}) 12. dxe5 fxe5 13. Ncxe5 Qe8 14. Ng4
Ng6 15. Nd4 $1 $14 {Nisipeanu,L-Bruzon,L Skanderborg 2005}) 11. dxe5 {
El plan de Lázaro en esta posición no proporcionó nada a las blancas por lo
que habrá que pensar otras posibilidades como Nc4 ó Qb3 seguido de Rad1.} fxe5
12. Ng5 Qe8 {No está muy claro cual era la idea del jugador cubano ya que el
caballo de g5 deberá volver hacia atrás.} 13. c4 c5 14. b4 b6 $1 {
Consolida el centro y se amenaza Qg6.} (14... Nc6 $5 15. bxc5 Be7 16. Ngf3 Qg6
17. Kh2 Be6 $44) 15. bxc5 bxc5 16. Nb3 (16. Ngf3 Nc6 {
Y la posición negra es ligeramente superior.}) 16... Qg6 17. Kh1 h6 18. Nf3
Qxe4 19. Re1 {#DIAGRAMA} Qxc4 (19... Bxh3 $1 {Era un sacrificio a primera
vista muy prometedor y se confirma tras analizar un poco la posición. Veamos
algunas posibilidades:} 20. Nbd2 Bxg2+ 21. Kxg2 Qg4+ 22. Kh1 e4 23. Nh2 (23.
Ng1 Qh4+ 24. Kg2 Qh2+ 25. Kf1 Nf5 26. Nxe4 Rae8 $19) 23... Qh4 24. Ndf1 Rf3 {
Y la compensación negra por la pieza es excelente. De hecho no es facil para
las blancas defenderse de las amenazas Raf8 y Rh3.}) 20. Bxc5 Bb7 {
La jugada activa. La alternativa sólida era Qe6.} 21. Nxe5 Bxe5 22. Rxe5 Ng6 {
Las blancas tienen una posición muy delicada y parece difícil que puedan
controlar todas las amenazas negras. A partir de este momento Bruzón se
defiende con jugadas únicas.} 23. Rc1 Qf4 $6 (23... Qh4 24. Rh5 Qe4 25. Qg4 Rf4
26. Qg3 $13) (23... Rad8 $5) 24. Re3 $1 {Una jugada sorprendente que quizás
pasó por alto Pérez Candelario. Ahora las blancas obtienen contrajuego en la
columna g a la vez que defienden su enroque.} Nh4 (24... Qxf2 $2 25. Qg4 Kh7
26. Rg3 Qf7 27. Bxf8 $16) 25. Rg3 {Las blancas se han consolidado y el
sacrificio que realiza el jugador español no conduce a nada. Quizás había que
jugar Rfd8 pero las blancas deben estar un poco mejor tras Qg4.} Nxg2 26. Rxg2
Bf3 27. Qf1 Rf7 28. Be3 Qe5 29. Nd4 Bd5 {La mejor opción.} (29... Bxg2+ 30.
Qxg2 $16) 30. Kg1 Re8 31. Qxa6 $2 {Una decisión sorprendente en plenos apuros
de tiempo. Las blancas alejan a la dama de la defensa y proporcionan temas
tácticos a las negras.} (31. Rg4 {
Y las blancas se han consolidado con su pieza de ventaja.}) 31... Bxg2 32. Kxg2
Qe4+ $2 {Con poco tiempo en su reloj Manolo no acierta con la mejor jugada.
Ahora las blancas consiguen reagruparse nuevamente.} (32... Qd5+ 33. Kg1 Rxe3
$1 34. fxe3 Qg5+ 35. Kh1 Qd5+ (35... Qxe3 $5 36. Qc4 Qxh3+ 37. Kg1 Qg3+ $11)
36. Kg1 Qg5+ $11) 33. Kg1 Rf6 34. Rc6 Qb1+ $2 (34... Rb8 {
Podía ser el último cartucho, pero tras:} 35. Qc4+ Kh8 36. Rxf6 Rb1+ 37. Bc1
gxf6 38. Qc3 {las blancas mantienen su ventaja.}) 35. Kh2 Rf7 36. Qc4 $18 {
La reagrupación de piezas ha llegado a su fin.} Rxe3 37. fxe3 Qe1 38. Rg6 $1
Qxe3 39. Ne2 Qe5+ 40. Kh1 Qf5 41. Qe6 Qf3+ 42. Rg2 Kh8 43. Ng1 Qf4 44. a4 Rf6
45. Qg4 1-0

[Event "CEI"]
[Site "León"]
[Date "2006.11.23"]
[Round "2"]
[White "Illescas Cordoba, Miguel"]
[Black "Arizmendi Martinez, Julen Luis"]
[Result "1/2-1/2"]
[WhiteElo "2620"]
[BlackElo "2540"]
[Annotator "Illescas, M"]
[PlyCount "112"]
[EventDate "2006.11.22"]
[EventType "tourn"]
[EventRounds "9"]
[EventCountry "ESP"]
[Source "EDAMI"]
[SourceDate "2006.12.20"]

{Esta partida de la segunda ronda fue un fiel reflejo de mi desempeño en el
torneo. No jugué especialmente mal, pero resultó evidente que a mi juego le
faltaba la energía y frescura de otras ocasiones. Además, desde una óptica
subjetiva, me pareció que mis rivales, que en otras rondas cometieron fallos
graves, se desenvolvieron bastante bien en sus duelos particulares conmigo,
produciendo partidas con pocos errores. Ésta, por ejemplo, fue una buena lucha
posicional. Tras plantearse una estructura de peón aislado decidí sacrificar
un peón para buscar posibilidades de ventaja en la lucha de un caballo bueno
contra un alfil malo. En el momento culminante, el juego desemboca en un final
de peones donde las negras aciertan a defenderse con la precisión de un
estudio logrando unas meritorias tablas.} 1. d4 d5 2. c4 c6 3. Nf3 Nf6 4. Nc3
a6 5. e3 e6 {Las negras plantean una de las defensas de moda: la eslava con
'a6'. La idea de este movimiento es ganar un tiempo al tomar en c4 en caso de
que las blancas desarrollen el alfil.} 6. b3 ({A} 6. Qc2 {
también responden las negras con} c5 {
En la ronda anterior obtuve un resultado de apertura muy pobre:} 7. dxc5 Bxc5
8. a3 O-O 9. b4 Be7 10. Bb2 dxc4 11. Bxc4 Nbd7 12. O-O b5 13. Bb3 Bb7 14. Rfd1
Rc8 15. Qe2 Qc7 16. Rac1 Qb8 17. e4 Rfd8 18. Nd4 Bd6 19. h3 {
1/2-1/2 Illescas,M (2620)-Lopez Martinez,J (2508)/León 2006}) 6... c5 7. dxc5
$5 {Un intento para apartarme de los caminos más conocidos.} Bxc5 8. cxd5 exd5
9. Be2 Nc6 10. O-O O-O 11. Bb2 {Se ha alcanzado una posición típica del Ataque
Panov o la Nimzoindia con colores cambiados. El tiempo de más de las blancas
afecta ligeramente a la valoración pero dudo que sirva mucho más que para
igualar.} Ba7 12. Na4 Ne4 13. Nd4 Qd6 $5 $146 ({Se había jugado} 13... Bd7 14.
Rc1 Rc8 15. Nxc6 Bxc6 16. Nc3 Re8 17. Bg4 Ra8 $14 {
Rustemov,A-Kharlov,A/ INT 2004}) 14. Rc1 Bd7 15. Nxc6 {las blancas no pueden
pasar sin este cambio, pues carecen de planes constructivos.} bxc6 {En mi opini
ón una decisión acertada. En las posiciones resultantes las negras mantendrán
opciones de luchar por la iniciativa.} ({Más pasiva, aunque sólida, era} 15...
Bxc6 {Tras} 16. Bd4 Bxd4 17. Qxd4 Bxa4 {se podría intentar} 18. bxa4 $5 {
con una ligera iniciativa}) 16. Bf3 Rae8 {Resulta adecuado concentrar las
fuerzas en el flanco de rey; además de este modo los alfiles negros pueden
disponer cómodamente de la primera línea en caso necesario.} 17. Bxe4 {
Nuevamente un cambio necesario. Comprendí que debía plantear la batalla por el
control de las casillas negras, tratando de dejar al rival con el alfil malo
de blancas.} Rxe4 18. Bd4 {Al efectuar esta jugada calculé con cuidado la
entrega de peón que lleva implícita.} Bxd4 ({Tras} 18... Bb8 19. f4 $14 {
el juego de los alfiles se vería bastante limitado y las blancas podrían
trabajar cómodamente en el flanco de dama.}) 19. exd4 Qb4 {
Una decisión responsable, al fin y al cabo un peón es un peón} ({Peor era} 
19... Qf6 20. Nc5 {y las negras deben atender el ataque sobre d7.}) ({
Sin embargo era inetresante} 19... Qf4 $5 20. g3 Qh6 21. Nc5 Bg4 $1 $132 {
con contrajuego}) 20. a3 $5 ({Barajaba también la idea} 20. Nc5 Rxd4 21. a3 $5
Rxd1 22. axb4 Rxc1 23. Rxc1 Bc8 {pero entendí que aunque la compensación es
suficiente no permite jugar a ganar a las blancas. Por ejemplo:} 24. Re1 f6 25.
Re7 Rf7 26. Re8+ Rf8 $11) 20... Qxd4 ({Mucho mejor que} 20... Qxa3 $6 21. Nc5
Re7 22. Qd2 {
y las blancas obtienen una compensación mucho mayor que en la partida}) 21. Nc5
Bg4 $1 {Esta precisa jugada mantiene en buena forma a las negras.} ({Tras} 
21... Qxd1 22. Rfxd1 Re7 23. Nxd7 Rxd7 24. Rxc6 Ra8 25. Rd4 $14 {
a las negras les espera un tremendo sufrimiento antes de conseguir el empate.})
22. Qxd4 {Curiosamente esta posición se había alcanzado por diferente orden de
jugadas. En Chernin-Sher, Bern 1995 se acordaron tablas justo en este instante.
Así que en la presente partida la novedad la introdujo el blanco !al
abstenerse de ofrecer tablas!} Rxd4 23. f3 Bc8 24. Rc2 $1 {Una original idea
que fue elogiada por mi contrario al acabar la partida. El principal objetivo
es aislar a la torre negra en d4, evitando que logre una posición activa.} ({
Tras} 24. Rfe1 Rd2 $132 {las negras logran un contrajuego más que suficiente.})
({Por otra parte la lógica} 24. Rfd1 Rxd1+ 25. Rxd1 Re8 26. Kf2 Kf8 $11 {
conduce a una posición equilibrada, ya que las negras llevarán sindificultades
su rey al centro.}) 24... Re8 {Tomando la columna abierta} 25. Kf2 f5 {
Arizmendi prepara llevar el peón a f4 para asegurar la posición de su torre en
d4.} ({Tras} 25... a5 26. Re2 Rxe2+ 27. Kxe2 {las negras deberían apresurarse
a sacar su torre ya que un juego descuidado como} Bf5 $2 {
conduce al desastre tras} 28. g3 $1 {capturando la torre tras la inevitable Ke3
}) 26. Re1 Rxe1 27. Kxe1 a5 28. Rd2 ({Nada se consigue tras} 28. Ke2 f4) 28...
Rxd2 29. Kxd2 {A estas alturas de la partida yo me preguntaba si la evidente
compensación sería suficiente para ganar. La respuesta es no, pero sólo tras
la precisa defensa desplegada por Arizmendi.} Kf7 ({Peor resulta} 29... f4 30.
Kc3 Kf7 31. b4 axb4+ 32. Kxb4 $14 {con mejores opciones que en la partida}) 30.
f4 Ke7 31. Kc3 Kd6 32. Kd4 Kc7 33. Kc3 Kd6 {Tras la centralización y el amago
de repetición decidí emprender el único plan disponible.} 34. b4 axb4+ 35. Kxb4
{Por supuesto la creación de un peón pasado resulta imprescindible para jugar
a ganar. Ahora debo admitir que era bastante optimista, especialmente por el
hecho de que mi rival disponía de muy poco tiempo, apenas el incremento de 30
segundos por jugada, para conducir una difícil defensa. Debo reconocer que
quedé impresionado con el exacto juego de Arizmendi en esta fase de la partida.
} Be6 {Con sangre fría las negras mantienen de momento una defensa pasiva.} ({
A un final perdido conducía la variante} 35... d4 $2 36. Kc4 d3 37. Nxd3 Ba6+
38. Kd4 Bxd3 39. Kxd3 Kc5 40. Kc3 $18 {
y las blancas ganan gracias al peón alejado.}) 36. a4 d4 $1 {
Y ahora, en el momento justo mi rival cambia a una defensa activa.} ({Tras} 
36... Bc8 37. a5 Kc7 38. Kc3 Kd6 39. Kd4 Kc7 40. Ke5 g6 41. g3 $14 {la ventaja
blanca quizá sea insuficiente para ganar, pero no cabe duda de que resulta muy
incómodo defender la causa de las negras, condenadas a un juego totalmente
pasivo}) 37. a5 Bc8 38. Kc4 ({Mentalmente repetí la siguiente variante dos o
tres veces hasta convencerme de que no daba nada:} 38. a6 d3 39. a7 d2 40. a8=Q
d1=Q 41. Qb8+ Ke7 $11 {y las negras aguantan bien.}) ({
Por otra parte de nada sirve esperar ya que tras} 38. g3 Kd5 {
el rey negro progresa}) 38... d3 $1 {La única defensa} 39. Nxd3 Ba6+ 40. Kd4
Bxd3 $1 41. Kxd3 Kc5 $8 42. Kc3 Kb5 43. Kd4 {Se ha llegado de modo forzado a
este final de reyes que yo había valorado erróneamente como ganado. Pensé que
tras agotarse los movimientos de peones en el flanco de rey las negras
quedarían en zugzwang. En realidad no hay tal zugzwang ya que en cualquier
momento las negras pueden avanzar el peón c, apoyándolo hasta su coronación;
mientras las blancas coronarían el peón a un tiempo antes, conservando con los
jaques la inciativa.} g6 $1 {La única jugada. Este movimiento de peón aporta
solidez a la estructura negra en el flanco de rey, algo muy importante para
los finales de damas que podrían darse.} ({Tras la secuencia forzada} 43... c5+
$6 44. Kd5 c4 45. a6 c3 46. a7 c2 47. a8=Q c1=Q 48. Qb7+ Ka5 49. Qxg7 {
el final es claramente ventajoso, por ejemplo:} Qd2+ ({tras} 49... Qxf4 $2 50.
Qa7+ Kb5 51. Qc5+ Ka6 52. Qd6+ $18 {las blancas ganan}) 50. Ke6 Qa2+ 51. Ke7 $1
({Evitando los trucos de jaque perpetuo que podrían darse tras} 51. Kxf5 Qc2+
$1 52. Ke6 Qc6+ $11) 51... Qa3+ 52. Ke8 $1 {
evitando jaques de proximidad y controlando en todo momento la captura en f4}
Qa4+ (52... Qe3+ $2 53. Qe5+) 53. Kd8 Qd1+ (53... Qxf4 $2 54. Qc7+) 54. Kc8 $16
{y se acaban los jaques}) 44. g3 {
En aquel momento pensé que replicando sus jugadas forzaría el zugzwang.} ({
Días después Manolo Rivas me indicó que tras} 44. h3 {
las blancas conservaban posibilidades en el final de damas resultante. Seguiría
} c5+ 45. Kd5 c4 46. a6 c3 47. a7 c2 48. a8=Q c1=Q 49. Qb7+ Ka5 $1 50. Qxh7 {
y efectivamente ésta habría sido una posición durísima de defender para mi
rival en apuros de tiempo. Sin embargo, tras laprecisa} Qd2+ $1 {
las negras logran tablas} ({pero no} 50... Qxf4 $2 51. Qa7+ Kb5 52. Qc5+ {
y se logra el cambio de damas.}) 51. Ke6 Qxg2 52. Kf6 Qc6+ {
las negras montan una red de jaques amenazando siempre capturar en f4} 53. Kg7
Qc3+ $1 {entregando el peón para lograr un empate seguro} 54. Kxg6 Qg3+ 55. Kf6
Qc3+ $11 {con tablas por jaque continuo}) 44... h6 $1 {De nuevo Arizmendi, con
poco más de 30 segundos, encuentra el único camino al empate.} ({Tanto} 44...
c5+ $2 45. Kd5 c4 46. a6 c3 47. a7 c2 48. a8=Q c1=Q 49. Qb7+ Ka5 50. Qxh7 $16)
({como} 44... h5 $2 45. h4 c5+ 46. Kd5 c4 47. a6 c3 48. a7 c2 49. a8=Q c1=Q 50.
Qe8+ Kb4 51. Qxg6 $16 {conducen a finales muy desventajosos}) 45. h3 {
continuando con la estrategia de copiar, pero...} g5 $1 ({Mucho mejor que} 
45... c5+ 46. Kd5 c4 47. a6 c3 48. a7 c2 49. a8=Q c1=Q 50. Qe8+ Kb4 51. Qxg6
Qh1+ 52. Ke5 Qxh3 $14 {y aunque aquí también podrían conseguir tablas las
negras, sería tras un enorme sufrimiento.}) 46. fxg5 ({
No sirve mantener el bloqueo del flanco ya que tras} 46. h4 gxh4 47. gxh4 h5 {
son las blancas las que deben mover, y sólo hay tablas:} 48. Ke5 Kxa5 49. Kxf5
c5 50. Kg6 c4 51. f5 c3 52. f6 c2 53. f7 c1=Q 54. f8=Q Qd1 55. Qf5+ Kb6 56.
Qxh5 Qd6+ $11 {con jaque continuo al estar la dama blanca muy mal colocada})
46... hxg5 47. h4 ({De nuevo no basta} 47. Ke5 c5 48. Kxf5 c4 49. Ke4 Kxa5 50.
h4 gxh4 51. gxh4 Kb4 52. h5 c3 $11 {y tablas}) 47... f4 $1 {
Este es el recurso salvador alumbrado por Arizmendi} 48. hxg5 c5+ $1 {
A pesar de que los peones blancos están más alejados, este preciso jaque gana
un tiempo decisivo e impide al rey enemigo controlar ambos infantes negros.} ({
Tras} 48... fxg3 $2 49. Ke3 $18 {las negras están perdidas}) 49. Kd3 ({
Equivalente es} 49. Ke4 fxg3 50. Kf3 c4 $11) 49... fxg3 50. Ke2 c4 51. g6 g2 {
Salvando fácilmente el último escollo.} ({Si} 51... c3 $2 52. g7 c2 53. Kd2 $18
{las blancas ganan}) 52. Kf2 c3 53. g7 g1=Q+ 54. Kxg1 c2 55. g8=Q c1=Q+ 56. Kg2
Qd2+ {Una excelente defensa de Arizmendi en apuros de tiempo.} 1/2-1/2